Представление документа в формате MARC21

Поле Инд. ПП Название Значение
Тип записи a
Библиографический уровень m
001 Контрольный номер RU/IS/BASE/489673036
005 Дата корректировки 20251127165431.8
008 Кодируемые данные 20150708
020 00 a ISBN 9785389055056
040 00 e Правила каталог. Л 961125
084 a Индекс другой классификации/Индекс ББК 84(4Вел)52-44
090 00 a Полочн. индекс 84(4Вел)52-44
x Авторский знак О-763
097 00 a 210
100 10 a Автор Остен Дж.
d Даты 1775-1817
q Полное имя Остен Джейн
u Дополнение к имени Остин Дж.
245 00 a Заглавие Гордость и предубеждение
b Продолж. заглавия роман
c Ответственность перевод с английского И. С. Маршака; ответственный редактор И. Тарасенко; художник Е. Савченко
260 00 a Место издания Санкт-Петербург
b Издательство Азбука
b Издательство Азбука-Аттикус
c Дата издания 2014
300 00 a Объем 416 с.
336 a Термин вида содержания Текст
337 a Термин типа средства непосредственный
440 _0 a Серия Мировая классика
650 04 a Основная рубрика художественная литература
653 00 a Ключевые слова XIX век
a Ключевые слова XVIII век
a Ключевые слова английская литература
a Ключевые слова Великобритания
655 00 a Жанр/ форма (устаревшее) проза
a Жанр/ форма (устаревшее) роман
700 10 a Автор Маршак И. С.
e Роль лиц переводчик
700 1_ a Автор Тарасенко И.
e Роль лиц редактор
700 1_ a Автор Савченко Е.
e Роль лиц художник
720 a Наименование подборки История литературы стран изучаемого языка (Великобритания)
e Признак/вид подборки Тематические подборки
787 18 w Контрольный номер связываемой записи RU/IS/BASE/331915240
900 a Имя электронного ресурса obl_Ostin_GiP
x Справочная информация Обложка
901 t Тип документа m
952 a Тип литературы для КСУ ВШ ЛХИ